000 00721nai a2200217Ia 4500
003 IN-BaIIA
008 211028c9999 xx s 000 0 eng d
022 _a1364503X (Print)
022 _a14712962 (Online)
040 _cIIA Library
245 0 _aPhilosophical Transactions: Mathematical, Physical and Engineering Sciences
_h[eJournal]
260 _aLondon
_bRoyal Society
310 _aBi-Weekly
362 _a354(1704); 1996 - 374(2083); 2017
521 _bSubscribed through IIA Library
650 _a Mathematics
_982
650 _a Science & Mathematics
_932028
650 _aGeneral Science
_95049
856 _uhttps://www.jstor.org/journal/philtranmathphys
_yClick Here to Access eJournal
942 _cEJ
999 _c35503
_d35503